NBA 2018-19 Players By Letter - A - Statistics

General Stats
  • This quiz has been taken 62 times
  • The average score is 10 of 23
Answer Stats
Player Pos Tm % Correct
Jaylen Adams PG ATL
75%
Steven Adams C OKC
75%
Deandre Ayton C PHO
67%
Jarrett Allen C BRK
65%
Grayson Allen SG UTA
64%
Justin Anderson SG ATL
64%
Kyle Anderson SF MEM
64%
LaMarcus Aldridge C SAS
64%
Ryan Anderson PF PHO
64%
Bam Adebayo C MIA
62%
Giannis Antetokounmpo PF MIL
62%
Trevor Ariza SF WAS
45%
OG Anunoby SF TOR
44%
Carmelo Anthony PF HOU
42%
D.J. Augustin PG ORL
35%
Al-Farouq Aminu PF POR
31%
Alex Abrines SG OKC
20%
Ryan Arcidiacono PG CHI
16%
Quincy Acy PF PHO
11%
Ike Anigbogu C IND
7%
Deng Adel SF CLE
5%
DeVaughn Akoon-Purcell SG DEN
0%
Rawle Alkins SG CHI
0%
No matching quizzes found
Score Distribution
Percent of People with Each Score
Percentile by Number Answered
Your Score History
You have not taken this quiz